书目信息 |
| 题名: |
少男少女喜欢的青春诗
|
|
| 作者: | 司马彦 书 | |
| 分册: | ||
| 出版信息: | 武汉 华中理工大学出版社 1997.03 |
|
| 页数: | 139页 | |
| 开本: | 19cm | |
| 丛书名: | ||
| 单 册: | ||
| 中图分类: | J292.12 | |
| 科图分类: | ||
| 主题词: | 书法--中国 , 篆刻--中国 | |
| 电子资源: | ||
| ISBN: | 7-5609-1486-1 | |
| 000 | 00642nam0 2200205 45 | |
| 001 | 0362691052 | |
| 005 | 2003103117245105 | |
| 010 | @a7-5609-1486-1@b压膜@dCNY 5.50 | |
| 100 | @a20031031d1997 km y0chiy0120 ea | |
| 101 | 0 | @achi |
| 200 | 1 | @a少男少女喜欢的青春诗@Ashao nan shao nu xi huan de qing chun shi@e钢笔三体字帖@f司马彦书@Fsi ma yan shu |
| 210 | @a武汉@c华中理工大学出版社@d1997.03 | |
| 215 | @a139页@d19cm | |
| 517 | @a钢笔三体字帖@Agang bi san ti zi tie | |
| 606 | 0 | @a书法@x中国 |
| 606 | 0 | @a篆刻@x中国 |
| 690 | @aJ292.12@v4 | |
| 701 | 0 | @a司马彦@Asi ma yan@4书 |
| 801 | 0 | @aCN@bPDSGXY@c20031031 |
| 905 | @aPDSGXY@dJ292.12@eS918/2 | |
| 少男少女喜欢的青春诗:钢笔三体字帖/司马彦书.-武汉:华中理工大学出版社,1997.03 |
| 139页;19cm |
| ISBN 7-5609-1486-1(压膜):CNY 5.50 |
| ● |
| 相关链接 |
|
|
|
正题名:少男少女喜欢的青春诗
索取号:J292.12/S918/2
 
预约/预借
| 序号 | 登录号 | 条形码 | 馆藏地/架位号 | 状态 | 备注 |
| 1 | 136756 | 201367564 | 社科库309/309社科库 79排4列6层/ [索取号:J292.12/S918/2] | 在馆 | |
| 2 | 136757 | 201367573 | 社科库309/309社科库 79排4列6层/ [索取号:J292.12/S918/2] | 在馆 | |
| 3 | 136758 | 201367582 | 社科库309/309社科库 79排4列6层/ [索取号:J292.12/S918/2] | 在馆 | |
| 4 | 136759 | 201367591 | 社科库309/309社科库 77排4列5层/ [索取号:J292.12/S918/2] | 在馆 | |
| 5 | 136760 | 201367608 | 社科库309/ [索取号:J292.12/S918/2] | 在馆 |